000 00298nam a2200121 4500
999 _c10617
_d10617
003 OSt
005 20220429132952.0
008 220429b ||||| |||| 00| 0 eng d
082 _a343.54078
245 _aNational building code of India -1983
260 _bIndian standards institution
942 _2ddc